000 01342cam a22002174a 4500
005 20250605164019.0
008 250528s ||||||||||||||||||||||||d
035 _a16271
020 _a71006028
040 _aGR-AtMCL
_bgre
_dGR-AtMCL
_eAACR2
245 1 _aElectronic Circuits / Discrete and Integrated: Third Edition
250 _a3rd
260 _bMcgraw Hill Book Company,
_c1989
300 _a936
520 _aPreface, Diode-Circuit Analysis, Introduction to Transistor Circuits, The Field-Effect Transistor, Bias Stability, Audio Frequency Linear Power Amplifiers, Small-Signal Low-Frequency Analysis and Design, Multiple-Transistor Circuits, Applications of Operational Amplifiers, Frequency and Switching-Speed Limitations, Feedback and Frequency Compensation of Op-Amps and Oscillators, Logic Functions and Boolean Algebra, Logic Gates, Flip-Flops, Register and Counters and Arithmetic Circuits, Sample-Hold Circuits and Digital-to-Analog and Analog-to-Digital Converters and Timing Circuits, Circuit Fabrication and Its Effect on Performance and Density and Cost, Asic Design Methodologies and System Design Considerations, Comuter-Aided Design Software for VLSI Design, Appendices, Index.
700 1 _aBelove Charles
_92354
700 1 _aSchilling Donald L
_92355
942 _cBK
999 _c1789
_d1789